01812nam a22002177a 4500008004100000020001500041082002100056100006900077110010400146245018900250250001500439260004500454300002400499440006400523505064700587650006001234700006501294710010401359999001301463952011801476140829b xxu||||| |||| 00| 0 eng d a8450090199 a759.949.2bM741n aJarauta Marión, Francisco y López Albaladejo, José. 91387 aColeccion de Arquitectura: Colegio Oficial de Apareajdores y Arquitectos Técnicos, Murcía91388 aPiet Mondrian: La Nueva Imagen en la Pintura bLa realización del neoplasticismo en la arquitectura del futuro lejano y de hoycFrancisco Jarauta Marión y José López Albaladejo a1983b1993 aMurcia bColeccion de Arquitecturac1993 a138 p bill.c19 cm aPiet Mondrian: La Nueva Imagen en la Pintura v Vol.991389 tPiet Mondrian: La Nueva Imagen en la Pintura. La realización del neoplasticismo en la arquitectura del futuro lejano y de hoytLa Nueva Imagen en la Pintura, Introducción. La nueva imagen en la pintura. La nueva imagen como pintura real-abstracta. Medio de expresión y composición. Lo justificado de la nueva imagen. De lo natural a lo abstracto, es decir de lo indefinido a lo definido 1,2,3,4. La naturaleza y el espíritu, como elementos femenino y masculino. De lo definido y lo indefinido (Suplemento a la nueva imagen de la pintura) tRealización del neoplasticismo en la arquitectura del futuro lejano y de hoy 1 y 2.  aNeoplasticismovPintura Moderna sigloXXzHolanda 91390 aFrancisco Jarauta Marión y José López Albaladejo91391 aColeccion de Arquitectura: Colegio Oficial de Apareajdores y Arquitectos Técnicos, Murcía91392 c298d298 00102ddc4070aLVbLVcPensamientod2014-08-29l0o759.949.2 M741np000347r2014-08-29 00:00:00w2014-08-29y01